[Event "26th Speed Chess Open"]
[Site "Aubervilliers FRA"]
[Date "2001.01.28"]
[Round "7"]
[White "Georgiev,Ki"]
[Black "Chabanon,JL"]
[Result "1/2-1/2"]
[WhiteElo "2676"]
[BlackElo "2461"]

1.c4 Nf6 2.Nc3 c5 3.Nf3 g6 4.d4 cxd4 5.Nxd4 Bg7 6.e4 d6 7.Be2 O-O 8.O-O Nc6
9.Be3 Bd7 10.Nc2 a6 11.f3 Rb8 12.Qd2 Ne5 13.a4 Rc8 14.b3 Qc7 15.a5 e6 16.Bb6 Qb8
17.Rad1 Bc6 18.Qxd6 Qxd6 19.Rxd6 Ned7 20.Be3 Ne8 21.Rd3 Ne5 22.Rdd1 Nxc4
23.Bxc4 Bxc3 24.Bc5 Bxe4 25.Bxf8 Bxc2 26.Rc1 Kxf8 27.Rxc2 Bxa5 28.Rd1 Ke7
29.Bd3 Rxc2 30.Bxc2 Nd6 31.Bd3 f5 32.f4 Bb6+ 33.Kf1 Be3 34.g3 g5 35.fxg5 Bxg5
36.g4 fxg4 37.Bxh7 Nf5 38.Re1 Kf6 39.Bg8 e5 40.Kg1 Be3+ 41.Kh1 g3 42.hxg3 Nxg3+
43.Kg2 Nf5 44.Kf3 Bd4 45.Ke4 Ng3+ 46.Kd5 a5 47.Kc4 b6 48.Bh7 Kg5 49.Bd3 Kf4
50.Kd5 Bc3 51.Rc1 Bd4 52.Bg6 Ke3 53.Kc4 Kf4 54.Kd3 Bc5 55.Rc4+ Bd4 56.Be8 Ne4
57.b4 axb4 58.Rxb4 Nd6 59.Bg6 Kf3 60.Rb1 Bf2 61.Bh5+ Kg3 62.Ke2 e4 63.Rb3+ e3
64.Rxb6 Nf5 65.Rb4 Kh2 66.Bf3 Ng3+ 67.Kd3 Kg1 68.Rb1+ Kh2 69.Rd1 Bg1 70.Ra1 Bf2
71.Rb1 Bg1 72.Rb2+ Bf2 73.Rb7 Kg1 74.Rh7 Kf1 75.Re7 Kg1 76.Re8 Kh2 77.Kc2 Kg1
78.Kd3 Kh2 79.Rg8 Kg1 80.Be2 Kg2 81.Rg6 Kg1 82.Rf6 Kg2 83.Bf3+ Kg1 84.Ra6 Kh2
85.Ra1 Bg1 86.Rb1 Bf2 87.Be2 Nxe2 88.Kxe2 Kg3 89.Rb4 Bg1 90.Re4 Bf2 91.Re8 Kf4
92.Kd3 Kf5 93.Ke2 Kf6 94.Kf3 Kf7 95.Re4 Bg1 96.Kf4 Kf6 97.Kg4 Bf2 98.Kf3 Bg1
99.Kg2 Bf2 100.Kf3 Bg1 101.Ke2 Bf2 102.Kd3 Bg1 103.Rg4 Bf2 104.Rg2 Kf5 105.Rg8 Kf6
106.Rf8+ Ke7 107.Rf5 Ke6 108.Rf3 Ke5 109.Rf8 Ke6 110.Rf3 Ke5 111.Ke2 Ke4
112.Rf8 Ke5 113.Ra8 Kd5 114.Ra4 Ke5 115.Kf3 Kd5 116.Ra2 Kd4 117.Ke2 Kd5 118.Ra4 Kc5
119.Kd3 Kb5 120.Re4 Kc5 121.Re5+ Kd6 122.Re8 Kd5 123.Re4 Kd6 124.Kc4 Bg1
125.Re8 Bf2 126.Kd3 Bg1 127.Ke2 Bf2 128.Kf3 Kd5 129.Re4 Kd6 130.Kf4 Kd5 131.Kf5 Kd6
132.Re5 Bg1 133.Re8 Bf2 134.Kf4 Bg1 135.Kf3 Bf2 136.Ke2 Bg1 137.Kd3 Bf2 138.Kc4 Kd7
139.Re4 Kd6 140.Kd3 Kd5 141.Re8 Kd6 142.Re4 Kd5 143.Re8 Kd6 144.Ke2 Kd5 145.Kf3 Kd6
146.Re4 Kd5 147.Re8 Kd6 148.Ke2 Kd5 149.Kd3 Kd6 150.Re4 Kd5 151.Re8 Kd6 152.Kc4 Kd7
153.Re4 Kd6 154.Re8 Kd7 155.Re4 Kd6 156.Kd3 Kd5 157.Re8 Kd6  1/2-1/2

[Event "6th HIT Open"]
[Site "Nova Gorica SLO"]
[Date "2001.01.31"]
[Round "7"]
[White "Olarasu,G"]
[Black "Stantic,S"]
[Result "1-0"]
[WhiteElo "2347"]
[BlackElo "2125"]

1.Nf3 Nf6 2.c4 c5 3.Nc3 d5 4.cxd5 Nxd5 5.g3 e6 6.Bg2 Nc6 7.O-O Be7 8.Nxd5 exd5
9.d4 b6 10.Be3 O-O 11.Rc1 c4 12.Ne5 Bb7 13.Qa4 Qd6 14.b3 Rfd8 15.bxc4 Nxe5
16.dxe5 Qxe5 17.Rfd1 Bg5 18.Bxg5 Qxg5 19.e3 Qg4 20.Rd4 Qc8 21.Qd1 Qc7 22.cxd5 Qd6
23.e4 Re8 24.f4 f6 25.Rdc4 Re7 26.Bh3 b5 27.Rd4 Rd8 28.Qd2 Qb6 29.Qf2 a6
30.Rcd1 g6 31.Bg2 Qd6 32.R4d2 b4 33.Qd4 Rc8 34.Bh3 Rce8 35.Re1 Kf8 36.Be6  1-0

[Event "It Blind"]
[Site "Linares ESP"]
[Date "2001.02.03"]
[Round "8"]
[White "Cabarkapa,Mil"]
[Black "Devos,Pi"]
[Result "0-1"]
[WhiteElo "2188"]
[BlackElo "2218"]

1.Nf3 Nf6 2.c4 c5 3.Nc3 b6 4.g3 Bb7 5.Bg2 e6 6.O-O Be7 7.Re1 O-O 8.e4 d6
9.d4 cxd4 10.Nxd4 a6 11.Be3 Qc7 12.Rc1 Nbd7 13.f4 Rfe8 14.g4 Nc5 15.Bf2 e5
16.fxe5 dxe5 17.Nf5 Red8 18.Nd5 Nxd5 19.cxd5 Bg5 20.b4 Bxc1 21.Qxc1 g6 22.bxc5 gxf5
23.Qg5+ Kf8 24.Qh6+ Ke8 25.c6 Bxc6 26.Qxc6+ Qxc6 27.dxc6 fxg4 28.Bxb6 Rd6
29.a4 Rxc6 30.a5 Ke7 31.Bf1 h5 32.Rb1 h4 33.Rb3 Rc1 34.Be3 Ra1 35.Rb7+ Ke8
36.Bb6 f6 37.Rg7 Rc8 38.Be3 Rc3 39.Bd2 Rf3  0-1

[Event "ch-ROM"]
[Site "Baile Tusnad ROM"]
[Date "2001.02.07"]
[Round "3"]
[White "Badea,B"]
[Black "Sofronie,I"]
[Result "0-1"]
[WhiteElo "2460"]
[BlackElo "2399"]

1.Nf3 c5 2.c4 Nf6 3.Nc3 d5 4.cxd5 Nxd5 5.e4 Nxc3 6.dxc3 Qxd1+ 7.Kxd1 Bg4
8.Be3 Nd7 9.Be2 e6 10.Nd2 Bxe2+ 11.Kxe2 Bd6 12.Nc4 Bc7 13.a4 Ke7 14.e5 b6
15.f4 f6 16.exf6+ Nxf6 17.g3 Nd5 18.Bf2 h5 19.h4 e5 20.fxe5 Ke6 21.Rad1 Rad8
22.Kf3 Rhf8+ 23.Kg2 Ne7 24.Rde1 Nc6 25.Re2 Rd5 26.Be3 a6 27.Ra1 Rfd8 28.Bf4 Rd1
29.Re1 Rxa1 30.Rxa1 Rd5 31.Re1 g6 32.Nd2 b5 33.axb5 axb5 34.Nf3 c4 35.Ra1 Bxe5
36.Bxe5 Nxe5 37.Nd4+ Kd6 38.Ra6+ Kc7 39.Rxg6 b4 40.Rf6 b3 41.Ra6 Rxd4 42.cxd4 Nd3
43.d5 Nxb2 44.Kf3 Nd3 45.d6+ Kd7 46.Rb6 Nc5  0-1

[Event "FSGM February"]
[Site "Budapest HUN"]
[Date "2001.02.08"]
[Round "5"]
[White "Csom,I"]
[Black "Lukacs,P"]
[Result "1/2-1/2"]
[WhiteElo "2431"]
[BlackElo "2459"]

1.c4 c5 2.Nf3 Nf6 3.Nc3 d5 4.cxd5 Nxd5 5.d4 e6 6.e4 Nxc3 7.bxc3 cxd4 8.cxd4 Bb4+
9.Bd2 Bxd2+ 10.Qxd2 O-O 11.Be2 Nc6 12.O-O e5 13.d5 Bg4 14.dxc6 Qxd2 15.Nxd2 Bxe2
16.Rfe1 Ba6 17.cxb7 Bxb7  1/2-1/2

[Event "TCh-SVK"]
[Site "SVK"]
[Date "2001.02.11"]
[Round "9"]
[White "Demeter,P"]
[Black "Dobrotka,M"]
[Result "1/2-1/2"]
[WhiteElo "2259"]
[BlackElo "2190"]

1.c4 Nf6 2.Nc3 c5 3.Nf3 g6 4.g3 b6 5.Bg2 Bb7 6.O-O Bg7 7.d3 d6 8.e4 Nbd7
9.Ne1 a6 10.e5 Bxg2 11.exf6 Bxf1 12.fxg7 Rg8 13.Kxf1 Rxg7 14.Bh6 Rg8 15.Nf3 Nf6
16.Qe2 Qd7 17.Kg1 Qe6 18.Ne4 Nxe4 19.dxe4 f6 20.Bd2 Kf7 21.Kg2 b5 22.b3 Rgb8
23.Bc3 a5 24.Re1 a4 25.Qd2 axb3 26.axb3 bxc4 27.Qh6 Ke8 28.bxc4 Qxc4 29.Re3 Qf7
30.g4 Ra3 31.Nd2 Rb7 32.g5 f5 33.exf5 Qxf5 34.Qh4 Qd5+ 35.Ne4 Kd7 36.Kg3 Rb1
37.Qh3+ Kc6 38.Qc8+ Kb6 39.Qd8+ Ka6 40.Qc8+ Qb7 41.Qe6 Ka7 42.Bd2 Rxe3+ 43.Bxe3 Kb8
44.f3 Rb3 45.Bf4 Ka7 46.Nd2 Ra3 47.Be3 Ra6 48.Ne4 Rc6 49.Nc3 Rc8 50.Nd5 Rf8
51.Bf4 Re8 52.Qf7 Rd8 53.Nxe7 Rd7 54.Bxd6 Qb5 55.Qd5 Ka6 56.Nc8 Ka5 57.Qa2+ Kb4
58.Na7 Qd3 59.Qb2+ Qb3 60.Bxc5+  1/2-1/2

[Event "Open"]
[Site "Coria del Rio ESP"]
[Date "2001.02.16"]
[Round "3"]
[White "Vera,R"]
[Black "Nuevo Perez,A"]
[Result "1-0"]
[WhiteElo "2562"]
[BlackElo "2255"]

1.Nf3 Nf6 2.c4 c5 3.Nc3 d5 4.cxd5 Nxd5 5.d4 cxd4 6.Qxd4 Nxc3 7.Qxc3 Nc6 8.e4 e6
9.Bb5 Qb6 10.Bxc6+ Qxc6 11.Qxc6+ bxc6 12.O-O Ba6 13.Re1 Rb8 14.b3 Bb4 15.Bd2 Ba3
16.Bc1 Bb4 17.Bf4 Rc8 18.Bd2 Ba3 19.Bc3 O-O 20.Rad1 Bc5 21.Rd7 Rfd8 22.Red1 Rxd7
23.Rxd7 Bb6 24.a4 c5 25.h4 Be2 26.Ng5 h6 27.Nxf7 Rc7 28.Ne5 Rxd7 29.Nxd7 c4
30.b4 Bh5 31.Ne5 Be2 32.a5 Bc7 33.Nc6 a6 34.b5 axb5 35.a6  1-0

[Event "Chess Circuit IM"]
[Site "Helsinki FIN"]
[Date "2001.02.16"]
[Round "5"]
[White "Nyback,T"]
[Black "Bergstrom,R"]
[Result "1-0"]
[WhiteElo "2211"]
[BlackElo "2308"]

1.Nf3 Nf6 2.c4 c5 3.Nc3 e6 4.g3 d5 5.cxd5 Nxd5 6.Bg2 Nc6 7.O-O Be7 8.d3 O-O
9.Bd2 Nc7 10.Rc1 b6 11.a3 a5 12.Na4 Rb8 13.d4 Nxd4 14.Nxd4 cxd4 15.Bf4 Bd6
16.Qxd4 Nb5 17.Qe3 Bd7 18.Rfd1 e5 19.Bxe5 Re8 20.f4 Qf6 21.Nxb6 Bg4 22.Nc4 Bxe5
23.Nxe5 h5 24.Bc6 Rf8 25.Bd7 Be6 26.Nc6 Ra8 27.Bxe6 fxe6 28.Qc5 Qxb2 29.Ne7+ Kf7
30.Rd7 Ke8 31.Rcd1 Qxe2 32.Ng6  1-0

[Event "ch-ROM"]
[Site "Baile Tusnad ROM"]
[Date "2001.02.19"]
[Round "14"]
[White "Ionescu,Co"]
[Black "Cosma,I"]
[Result "1-0"]
[WhiteElo "2504"]
[BlackElo "2468"]

1.Nf3 Nf6 2.c4 c5 3.Nc3 e6 4.e3 d5 5.d4 cxd4 6.exd4 Bb4 7.cxd5 Nxd5 8.Bd2 O-O
9.Bd3 Nc6 10.O-O Be7 11.a3 Nxc3 12.bxc3 Bf6 13.Qe2 g6 14.Rfe1 Bd7 15.Rab1 b6
16.Qe4 Bg7 17.Ba6 Re8 18.Bf4 Na5 19.Ne5 f5 20.Qe3 Bxe5 21.Qxe5 Bc6 22.Bh6 Qd7
23.h4 Qf7 24.Re3 Bd5 25.Bb5 Rec8 26.Rh3 a6 27.Bf1 Nc6 28.Qe3 b5 29.h5 Ne7
30.Bg5 Be4 31.Re1 Nd5 32.Qd2 Nf6 33.hxg6 hxg6 34.Bf4 Nd7 35.a4 bxa4 36.c4 Rd8
37.Bc7 Rdc8 38.Bd6 Ra7 39.d5 exd5 40.f3 Qf6 41.Ba3 Ne5 42.fxe4 dxe4 43.Bb2 Rd8
44.Bxe5  1-0

[Event "5th United Insurance"]
[Site "Dhaka BAN"]
[Date "2001.02.21"]
[Round "3"]
[White "Volzhin,A"]
[Black "Miezis,N"]
[Result "1-0"]
[WhiteElo "2539"]
[BlackElo "2532"]

1.Nf3 c5 2.c4 Nf6 3.Nc3 d5 4.cxd5 Nxd5 5.d4 cxd4 6.Qxd4 Nxc3 7.Qxc3 Bf5 8.g3 Na6
9.Bg2 Rc8 10.Qd4 Nc5 11.O-O Qxd4 12.Nxd4 Be4 13.Be3 Bxg2 14.Kxg2 e5 15.Nf3 f6
16.Rac1 a5 17.Nd2 Rc6 18.Rc2 Kd7 19.Rfc1 b6 20.Nc4 a4 21.Rd1+ Ke6 22.Rd8 Nd7
23.b3 axb3 24.axb3 b5 25.Na3 Rxc2 26.Nxc2 g5 27.Na3 b4 28.Nc2 Bg7 29.Rxh8 Bxh8
30.Nxb4 h5 31.Nc2 Bg7 32.Kf1 Bf8 33.Ke1 Kf5 34.f3 g4 35.Kd2 Ke6 36.Kc3 f5
37.Kc4 Bd6 38.Bf2 f4 39.b4 Nf6 40.gxf4 exf4 41.Nd4+ Ke5 42.b5 Nd7 43.e3 gxf3
44.Nxf3+ Ke4 45.Nd2+ Kf5 46.h3 fxe3 47.Bxe3 Bf4 48.Bxf4 Kxf4 49.Kd5 Nb6+
50.Kc6 Nc8 51.Kc7 Ne7 52.Nb1 Nd5+ 53.Kd6 Nb6 54.Kc6 Nc4 55.Kc5 Ne5 56.Nd2 h4
57.Kd6 Nd3 58.b6 Nb4 59.b7 Na6 60.Nb3 Kg3 61.Nc5 Nb8 62.Kc7 Kxh3 63.Kxb8 Kg2
64.Ne6 Kg3 65.Kc8  1-0

[Event "IV Open"]
[Site "Malaga ESP"]
[Date "2001.02.24"]
[Round "2"]
[White "Suba,M"]
[Black "Nicholson,JG"]
[Result "1-0"]
[WhiteElo "2532"]
[BlackElo "2176"]

1.c4 Nf6 2.Nf3 c5 3.Nc3 e6 4.g3 b6 5.Bg2 Bb7 6.O-O Be7 7.d4 cxd4 8.Qxd4 d6
9.Bg5 a6 10.Bxf6 Bxf6 11.Qd3 Ra7 12.Rad1 Be7 13.Nd4 Bxg2 14.Kxg2 Qc8 15.f4 Nc6
16.Rf3 O-O 17.Nxc6 Qxc6 18.f5 Rc7 19.b3 Rb7 20.a4 Rbb8 21.Qe3 Rbe8 22.fxe6 Bf6
23.Qe4 Qxe4 24.Nxe4 Rxe6 25.Nxf6+ gxf6 26.Kf2 Rfe8 27.Rd2 Kf8 28.Rfd3 Ke7
29.Rd5 Rg8 30.a5 Rb8 31.R2d3 Re5 32.Rxd6 Rxa5 33.Rd7+ Ke6 34.Ra7 Ra2 35.Re3+ Kf5
36.Rxf7 Kg6 37.Ree7 Rb2 38.Rg7+ Kf5 39.Kf3 Rxb3+ 40.e3 a5 41.h3  1-0

[Event "It Blind"]
[Site "Linares ESP"]
[Date "2001.02.25"]
[Round "3"]
[White "Cabarkapa,Mil"]
[Black "Berlinsky,V"]
[Result "0-1"]
[WhiteElo "2188"]
[BlackElo "2377"]

1.Nf3 Nf6 2.c4 c5 3.Nc3 b6 4.g3 Bb7 5.Bg2 e6 6.O-O Be7 7.Re1 d6 8.d4 cxd4
9.Qxd4 a6 10.e4 O-O 11.b3 Nbd7 12.Qe3 Qc7 13.Bb2 Rac8 14.Nd4 Rfe8 15.Qd2 Qb8
16.Re2 Bf8 17.Rd1 Ba8 18.a4 g6 19.Ba3 Nc5 20.Qa2 Bb7 21.f3 h5 22.Bc1 Ncd7
23.Bg5 Rc5 24.Qd2 Rec8 25.Be3 d5 26.exd5 exd5 27.Nxd5 Bxd5 28.cxd5 Nxd5 29.Bh3 Nxe3
30.Qxe3 Rd5 31.Qe4 Nf6 32.Qe3 Re8 33.Qd2 Rxd4 34.Rxe8 Qxe8  0-1

[Event "FSIMB March"]
[Site "Budapest HUN"]
[Date "2001.03.07"]
[Round "4"]
[White "Xu Hanbing"]
[Black "Jakab,A"]
[Result "1/2-1/2"]
[WhiteElo "2218"]
[BlackElo "2308"]

1.Nf3 Nf6 2.c4 e6 3.Nc3 c5 4.d4 cxd4 5.Nxd4 Bb4 6.Qb3 Bc5 7.e3 Nc6 8.Nxc6 dxc6
9.Be2 O-O 10.O-O e5 11.Qc2 Be6 12.a3 a5 13.Na4 Bd6 14.c5 Bc7 15.Rd1 Qe7 16.e4 Nd7
17.Be3 f5 18.exf5 Rxf5 19.Bg4 Rf6 20.Bxe6+ Qxe6 21.Nb6 Bxb6 22.Rd6 Qf7 23.Rxf6 Nxf6
24.cxb6 Rd8 25.h3 Rd5 26.Qb1 Qg6 27.Qxg6 hxg6 28.b4 a4 29.Rc1 Nd7 30.Rc3 Rb5
31.Kf1 Nxb6 32.Bxb6 Rxb6 33.Rc5 e4 34.Ke2 Ra6 35.Ke3 Ra8 36.Kxe4 Rd8 37.b5 cxb5
38.Rxb5 Rd2 39.Ke3 Ra2 40.Rxb7 Rxa3+  1/2-1/2

[Event "National Open"]
[Site "Las Vegas USA"]
[Date "2001.03.09"]
[Round "2"]
[White "Xu Jun"]
[Black "Andrianov,N"]
[Result "0-1"]
[WhiteElo "2655"]
[BlackElo "2439"]

1.Nf3 Nf6 2.c4 c5 3.Nc3 e6 4.g3 b6 5.Bg2 Bb7 6.O-O Be7 7.d4 cxd4 8.Qxd4 d6
9.b3 O-O 10.Bb2 Nbd7 11.e4 a6 12.h3 Qc7 13.Qe3 Rfe8 14.Nd4 Bf8 15.Rac1 Rad8
16.Rfe1 Qb8 17.g4 h6 18.Rcd1 g6 19.g5 hxg5 20.Qxg5 Bg7 21.Nde2 Bxe4 22.Nxe4 Nxe4
23.Bxe4 Bxb2 24.Nd4 Bxd4 25.Rxd4 Kg7 26.Red1 Nf6 27.Bc6 Rh8 28.Qd2 d5 29.cxd5 exd5
30.Bxd5 Rxd5 31.Rxd5 Nxd5 32.Qxd5 Rxh3 33.Qd6 Qb7 34.Qd5 Qe7 35.Qd7 Qg5+  0-1

[Event "Belgian Interteams 2000-1"]
[Site "BEL"]
[Date "2001.03.11"]
[Round "10"]
[White "Aglave,A"]
[Black "Goncalves,J"]
[Result "1-0"]
[WhiteElo "2058"]
[BlackElo "2197"]

1.c4 Nf6 2.Nf3 c5 3.Nc3 d5 4.cxd5 Nxd5 5.g3 Nc6 6.Bg2 Nc7 7.Qa4 Bd7 8.Qe4 g6
9.Ne5 Bg7 10.Nxd7 Qxd7 11.O-O O-O 12.a3 Rab8 13.Rb1 Nd4 14.b4 b6 15.Qd3 e5
16.Kh1 Qe6 17.bxc5 bxc5 18.Rxb8 Rxb8 19.e3 c4 20.Qe4 f5 21.Qh4 Bf6 22.Qh6 Nb3
23.e4 Nd4 24.Qe3 Qd6 25.f4 exf4 26.gxf4 Qd7 27.e5 Be7 28.d3 cxd3 29.Qxd3 Kg7
30.Be3 Nce6 31.Rd1 Bc5 32.Qc4 Rd8 33.Rb1 Bb6 34.Nd5 Rc8 35.Qa6 Rc2 36.Nxb6 axb6
37.Rxb6 Rxg2 38.Rb7 Nc7 39.Qd6  1-0

[Event "Tch-AUT 2000-01"]
[Site "Fuerstenfeld AUT"]
[Date "2001.03.16"]
[Round "9"]
[White "Beckhuis,G"]
[Black "Horvath,Ad"]
[Result "0-1"]
[WhiteElo "2320"]
[BlackElo "2478"]

1.Nf3 Nf6 2.c4 e6 3.Nc3 c5 4.g3 b6 5.Bg2 Bb7 6.O-O Be7 7.Re1 O-O 8.e4 d6
9.d4 cxd4 10.Nxd4 Qc7 11.Ndb5 Qc6 12.Be3 a6 13.Nd4 Qc7 14.f4 Nbd7 15.f5 e5
16.Nb3 Qxc4 17.Rc1 Qc7 18.Nd5 Qd8 19.Nxe7+ Qxe7 20.Rc7 Bxe4 21.Bxe4 Nxe4
22.Bxb6 Nef6 23.Na5 Rfc8 24.Nc6 Qf8 25.Ba5 h6 26.b4 Ne8 27.Rxd7 Rxc6 28.Qf3 Rac8
29.Bd8 Nf6 30.Be7 Qe8 31.Bxf6 Qxd7 32.Qg4 g6 33.Qh4 Qxf5  0-1

[Event "Czech Extra League 2000-1"]
[Site "CZE"]
[Date "2001.03.18"]
[Round "9"]
[White "Matlak,M"]
[Black "Sikora Lerch,J"]
[Result "1/2-1/2"]
[WhiteElo "2476"]
[BlackElo "2281"]

1.Nf3 c5 2.c4 Nf6 3.Nc3 g6 4.e4 Nc6 5.d4 cxd4 6.Nxd4 Bg7 7.Be3 Ng4 8.Qxg4 Nxd4
9.Qd1 e5 10.Nb5 O-O 11.Qd2 Qe7 12.O-O-O Nxb5 13.cxb5 a6 14.b6 d5 15.exd5 Rd8
16.d6 Qe8 17.Qb4 Bf5 18.Bd3 Qe6 19.Kb1 Rxd6 20.Bxf5 Qxf5+ 21.Ka1 Rxd1+ 22.Rxd1 Bf6
23.g4 Qf3 24.Rc1 h6 25.a3 Rd8 26.Qc4 Bg5 27.Qc7 Rd1 28.Bxg5 hxg5 29.Rxd1 Qxd1+
30.Ka2 Qd5+ 31.Ka1 e4 32.Qe7 Kg7 33.h3 a5 34.Kb1 a4 35.Qc7 Qd1+ 36.Ka2 Qb3+
37.Ka1 Qd1+ 38.Ka2 Qd5+ 39.Kb1 Kf6 40.Qc3+ Ke6 41.Qc8+ Ke7  1/2-1/2

[Event "TCh-ROM"]
[Site "Sovata ROM"]
[Date "2001.03.21"]
[Round "1"]
[White "Suba,M"]
[Black "Cosma,I"]
[Result "1/2-1/2"]
[WhiteElo "2532"]
[BlackElo "2468"]

1.c4 Nf6 2.Nc3 c5 3.Nf3 e6 4.e3 d5 5.cxd5 Nxd5 6.d4 cxd4 7.exd4 Bb4 8.Qc2 Nc6
9.Be2 O-O 10.O-O Be7 11.Rd1 Bf6 12.Ne4 h6 13.a3 Nce7 14.Bc4 b6 15.Qd3 Bb7
16.Bd2 Ng6 17.g3 Qe7 18.Re1 a5 19.h4 Rfc8 20.h5 Nf8 21.Ne5 Qd8 22.Rad1 Be7
23.Bc3 Rc7 24.Ba2 Rac8 25.Rc1 f5 26.Nd2 Qe8 27.Ng6 Nxg6 28.hxg6 Qxg6 29.Qe2 Bg5
30.Rcd1 Bxd2 31.Rxd2 Kh8 32.Qxe6 Re7 33.Bxd5 Rxe6 34.Rxe6 Qg5 35.Bxb7 Rxc3
36.bxc3 Qxd2 37.d5 Kg8 38.Rxb6 Qe1+ 39.Kg2 Qe4+ 40.Kg1 Qe1+ 41.Kg2 Qe4+ 42.Kg1  1/2-1/2

[Event "TCh-ROM"]
[Site "Sovata ROM"]
[Date "2001.03.21"]
[Round "1"]
[White "Badea,B"]
[Black "Marin,M"]
[Result "1/2-1/2"]
[WhiteElo "2460"]
[BlackElo "2604"]

1.Nf3 c5 2.c4 Nf6 3.Nc3 e6 4.g3 b6 5.Bg2 Bb7 6.O-O a6 7.d4 cxd4 8.Qxd4 d6
9.Rd1 Be7 10.b3 Nbd7 11.e4 Qc8 12.Qe3 O-O 13.Nd4 Re8 14.Bb2 Qc7 15.Rd2 Rad8
16.h3 Bf8 17.Re1 g6 18.Qe2 Qb8 19.Nc2 Nc5 20.Qd1 h5 21.Rde2 Bg7 22.Ba1 Ba8
23.Nd4 Bh6 24.Bb2 Bb7 25.Nc2 Bg7 26.Ba1 Qc7 27.Qd2 Kh7 28.Nd4 Bh6 29.Qc2 Rc8
30.Rd1 Qb8 31.Ree1 Qa8 32.Qe2 Kg8 33.Nc2 Qb8 34.Nb4 h4 35.g4 Bg5 36.Nd3 e5
37.Nxc5 bxc5 38.Bb2 Qc7 39.Rd3 Qe7 40.Red1 Rcd8 41.a3 Qc7 42.b4 cxb4 43.axb4 Bc8
44.c5 dxc5 45.Rxd8 Rxd8 46.Rxd8+ Qxd8 47.bxc5 Qa5  1/2-1/2

[Event "Open"]
[Site "Bled SLO"]
[Date "2001.03.24"]
[Round "1"]
[White "Kukovec,B"]
[Black "Podlesnik,B"]
[Result "1/2-1/2"]
[WhiteElo "2083"]
[BlackElo "2407"]

1.Nf3 c5 2.c4 Nf6 3.Nc3 e6 4.g3 d5 5.cxd5 Nxd5 6.Nxd5 exd5 7.d4 Nc6 8.Bg2 Be7
9.O-O O-O 10.dxc5 Bxc5 11.Qc2 Qe7 12.a3 Bg4 13.b4 Bd4 14.Bb2 Rac8 15.Qd2 Bxf3
16.Bxf3 Qf6 17.Rab1 Bxb2 18.Qxb2 Nd4 19.Rfd1 Nxf3+ 20.exf3 Qxf3 21.Qb3 Rc3
22.Qxd5 Qxd5 23.Rxd5 Rxa3 24.Ra5 Rxa5 25.bxa5 Rb8 26.a6 b6 27.Rc1 g5 28.Rc7 Ra8
29.g4 Kg7 30.Kg2 Kf6 31.f4 h6 32.f5 Rd8 33.Rxa7 Rd4 34.h3 Ra4 35.Kf3 Ra3+
36.Ke4 Rxh3 37.Rb7 Rg3 38.Rxb6+ Kg7 39.Kd5 Rxg4 40.Kc6 Ra4 41.Kb7 g4 42.a7 g3
43.f6+ Kh7 44.a8=Q Rxa8 45.Kxa8 Kg6 46.Rb3 h5 47.Rxg3+ Kxf6 48.Kb7 h4 49.Rg4 h3
50.Kc6 Ke5 51.Kc5 f5 52.Rh4 f4 53.Rxh3 Ke4 54.Kc4 f3 55.Rh8 f2  1/2-1/2

[Event "Tch-NED"]
[Site "NED"]
[Date "2001.03.25"]
[Round "8"]
[White "Ftacnik,L"]
[Black "Rogers,I"]
[Result "1/2-1/2"]
[WhiteElo "2618"]
[BlackElo "2529"]

1.Nf3 Nf6 2.c4 e6 3.Nc3 c5 4.g3 d5 5.cxd5 exd5 6.d4 Nc6 7.Bg2 Be7 8.O-O O-O
9.dxc5 Bxc5 10.Bg5 d4 11.Bxf6 Qxf6 12.Nd5 Qd8 13.Nd2 Bh3 14.Bxh3 Qxd5 15.Bg2 Qe6
16.Nb3 Bb6 17.a4 a5 18.Bxc6 Qxc6 19.Nxd4 Qf6 20.Nf3 Rfe8 21.Qd3 g6 22.Qb5 Re4
23.Rfc1 Rb4 24.Qe5 Bd4 25.Qxf6 Bxf6 26.Rc7 Bxb2 27.Rb1 b5 28.Rb7 bxa4 29.Rxb2 a3
30.R2xb4 axb4 31.Nd4 a2 32.Nb3 a1=Q+ 33.Nxa1 Rxa1+ 34.Kg2 Rb1 35.e4 b3 36.e5 b2
37.Rb8+ Kg7 38.h4  1/2-1/2

[Event "ch-UKR Women"]
[Site "Kramatorsk UKR"]
[Date "2001.03.30"]
[Round "5"]
[White "Jadvizhena,N"]
[Black "Litinskaya,M"]
[Result "0-1"]
[WhiteElo "2170"]
[BlackElo "2374"]

1.Nf3 c5 2.c4 Nf6 3.Nc3 b6 4.g3 Bb7 5.Bg2 d6 6.O-O Nbd7 7.d4 cxd4 8.Qxd4 g6
9.e4 Bg7 10.Re1 O-O 11.Qd3 Rc8 12.Rb1 Ng4 13.Qe2 Nge5 14.Nxe5 Nxe5 15.Nb5 a6
16.Na3 Rc7 17.b3 Qa8 18.Nc2 Rfc8 19.Nb4 e6 20.Bb2 b5 21.cxb5 a5 22.Nc6 Nxc6
23.bxc6 Rxc6 24.Rbc1 Rxc1 25.Rxc1 Rxc1+ 26.Bxc1 Bd4 27.Ba3 d5 28.exd5 Bxd5
29.Bxd5 Qxd5 30.Bb2 e5 31.Bxd4 exd4 32.Qd3 h5 33.h4 Kg7 34.f3 Kf6 35.Kf2 Ke7
36.Qe2+ Kd7 37.Qd3 Kc7 38.Ke2 Kb6 39.Kd2 Qe5 40.a3 Kc5 41.Qc4+ Kd6 42.Qd3 Qc5
43.Qa6+ Ke7 44.Qc4 Qxa3 45.Kd3 Kf8 46.g4 hxg4 47.fxg4 Qd6 48.Qxd4 Qg3+ 49.Kc4 Qxh4
50.Kb5 Qg5+ 51.Ka4 Kg8 52.Qc3 Qxg4+ 53.Kxa5 Qf5+ 54.Ka6 Qe6+ 55.Ka5 Qd5+
56.Ka6 g5 57.b4 Qe6+ 58.Ka5 g4 59.b5 Qa2+ 60.Kb4 Qb1+ 61.Ka5 Qf5 62.Ka6 Qg6+
63.b6 g3 64.Qc8+ Kg7 65.Qc3+ Kh7 66.Qc1 g2 67.Qg1 Qd3+ 68.Ka7 Qa3+ 69.Kb8 Qf3
70.b7 Qf1 71.Qh2+ Kg6 72.Qg3+ Kf5 73.Qh3+ Ke4 74.Qg4+ Qf4+ 75.Qxf4+ Kxf4
76.Kc8 g1=Q 77.b8=Q+ Kf5 78.Qb5+ Kg6 79.Qd3+ Kg7 80.Qc3+ f6  0-1

[Event "Target Recruitment Masters"]
[Site "Belfast IRL"]
[Date "2001.04.01"]
[Round "5"]
[White "Daly,C"]
[Black "Scannell,S"]
[Result "1-0"]
[WhiteElo "2367"]
[BlackElo "2152"]

1.Nf3 c5 2.c4 e6 3.Nc3 Nf6 4.g3 d5 5.cxd5 Nxd5 6.Bg2 Be7 7.O-O Nc6 8.Nxd5 Qxd5
9.d4 Nxd4 10.Nxd4 Qxd4 11.Qc2 O-O 12.Be3 Qb4 13.a3 Qb5 14.a4 Qa5 15.Rfc1 Bd7
16.Bxb7 Rab8 17.Be4 f5 18.Bd3 Rfc8 19.Bc4 Kh8 20.Bf4 Rb7 21.Be5 Bf6 22.Bxf6 gxf6
23.b3 Rd8 24.Rd1 Bc8 25.Rxd8+ Qxd8 26.Ba6 Rd7 27.Bd3 Rd5 28.Rc1 Qa5 29.Qc3 Qxc3
30.Rxc3 Bd7 31.f4 Kg7 32.Kf2 e5 33.Ke3 Kf8 34.Ba6 Ke7 35.Bb7 Rd6 36.Rxc5 Rb6
37.Bd5 Kd6 38.Ra5 Be8 39.Bc4 Rb7 40.fxe5+ fxe5 41.Rd5+  1-0

[Event "It"]
[Site "Antalya TUR"]
[Date "2001.04.06"]
[Round "7"]
[White "Arduman,C"]
[Black "Atakisi,U"]
[Result "1-0"]
[WhiteElo "2375"]
[BlackElo "2337"]

1.c4 c5 2.Nc3 Nf6 3.Nf3 d5 4.cxd5 Nxd5 5.e4 Nb4 6.Bb5+ N8c6 7.d4 cxd4 8.a3 dxc3
9.Qxd8+ Kxd8 10.axb4 cxb2 11.Bxb2 f6 12.e5 Bd7 13.O-O Nxe5 14.Rfd1 Ke8 15.Bxd7+ Nxd7
16.Rac1 Nb6 17.Rc7 g6 18.Rxb7 Bg7 19.Ng5 fxg5 20.Bxg7 Rg8 21.Bh6 Kf7 22.Bxg5 Rge8
23.h4 Nc4 24.Rdd7 Rab8 25.Rxb8 Rxb8 26.Bxe7 a6 27.Ra7 Ke6 28.Bc5 a5 29.bxa5 Rb5
30.Bb6 Nxb6 31.axb6 Rxb6 32.Rxh7 Kf5 33.g3 Rb2 34.Rf7+ Kg4 35.Kg2 Ra2 36.Rf6 Kh5
37.Kh3 Ra3 38.Rf7 Kh6 39.f3 Ra6 40.g4 g5 41.hxg5+ Kxg5 42.f4+ Kg6 43.Rb7 Ra1
44.Rb6+ Kg7 45.Kh4 Ra5 46.f5 Ra7 47.g5 Ra8 48.Rb7+ Kg8 49.Kh5  1-0

[Event "Zone 3.1a"]
[Site "Tehran IRI"]
[Date "2001.04.09"]
[Round "8"]
[White "Mohammad,S"]
[Black "Ghaem Maghami,E"]
[Result "1/2-1/2"]
[WhiteElo "2319"]
[BlackElo "2504"]

1.Nf3 c5 2.c4 Nf6 3.Nc3 b6 4.g3 Bb7 5.Bg2 e6 6.O-O Be7 7.d4 cxd4 8.Qxd4 Nc6
9.Qf4 O-O 10.Rd1 d6 11.b3 Qb8 12.Ba3 d5 13.Bxe7 Nxe7 14.Qxb8 Raxb8 15.Ne5 Rfd8
16.cxd5 Nfxd5 17.Nxd5 Nxd5 18.Rac1 g5 19.Bxd5 Rxd5  1/2-1/2

[Event "Israel Open Ch"]
[Site "Tel Aviv ISR"]
[Date "2001.04.12"]
[Round "4"]
[White "Zifroni,D"]
[Black "Postny,E"]
[Result "1-0"]
[WhiteElo "2525"]
[BlackElo "2432"]

1.c4 e6 2.Nc3 c5 3.Nf3 Nf6 4.g3 b6 5.Bg2 Bb7 6.O-O Be7 7.d4 cxd4 8.Qxd4 d6
9.Bg5 a6 10.Bxf6 Bxf6 11.Qf4 Ra7 12.Rfd1 Be7 13.Ne4 Bxe4 14.Qxe4 O-O 15.Nd4 Rd7
16.Qd3 Bf6 17.Rd2 Qc7 18.Rad1 Rc8 19.b3 Qd8 20.h4 Rc5 21.e3 Qc8 22.Qe2 Rd8
23.Nf3 Qc7 24.Nd4 Qc8 25.a4 Be7 26.Rc2 Bf6 27.Be4 Nd7 28.Rcd2 Be7 29.Qf3 Ne5
30.Qg2 Bf8 31.Bb7 Qb8 32.Bxa6 d5 33.Nf3 Nxf3+ 34.Qxf3 Qa8 35.Bb5 dxc4 36.Qxa8 Rxa8
37.Bxc4 Rcc8 38.Rd7 Bc5 39.Kf1 Kf8 40.Ke2 Rab8 41.Ba6 Re8 42.Kd3 Ra8 43.Bb7 Rad8
44.Kc4 Rxd7 45.Rxd7 Re7 46.Rd8+ Re8 47.Rxe8+ Kxe8 48.a5 Kd7 49.a6 Kd6 50.Kb5 Kc7
51.Be4 Kb8 52.Bxh7 e5 53.b4 Be7 54.Kxb6 Bd8+ 55.Kc6 Ka7 56.Bd3 Be7 57.b5 Bd8
58.Kd7 Ba5 59.h5  1-0

[Event "Open"]
[Site "Metz FRA"]
[Date "2001.04.13"]
[Round "7"]
[White "Krivoshey,S"]
[Black "Palac,M"]
[Result "1/2-1/2"]
[WhiteElo "2455"]
[BlackElo "2605"]

1.Nf3 Nf6 2.c4 c5 3.Nc3 d5 4.cxd5 Nxd5 5.d4 Nxc3 6.bxc3 g6 7.Bf4 Bg7 8.e3 O-O
9.Be2 Qa5 10.O-O Qxc3 11.Rc1 Qa3 12.Rxc5 Nd7 13.Rc2 Nb6 14.Qc1 Qxc1 15.Rfxc1 Bf5
16.Rc5 Rfc8 17.Nd2 Rxc5 18.Rxc5 Rc8 19.Nb3 Rxc5 20.Nxc5 Nd5 21.Bb8 Nc3  1/2-1/2

[Event "Israel Open Ch"]
[Site "Tel Aviv ISR"]
[Date "2001.04.14"]
[Round "6"]
[White "Vul,A"]
[Black "Bar,R"]
[Result "0-1"]
[WhiteElo "2453"]
[BlackElo "2381"]

1.Nf3 Nf6 2.c4 e6 3.Nc3 c5 4.g3 b6 5.Bg2 Bb7 6.O-O Be7 7.d4 cxd4 8.Qxd4 d6
9.Rd1 a6 10.b3 Nbd7 11.e4 Qc8 12.Bb2 O-O 13.Rac1 Rd8 14.Qe3 Qc7 15.Nd4 Bf8
16.h3 Rac8 17.Kh2 Qb8 18.f4 e5 19.Nf5 g6 20.fxe5 Nxe5 21.Qg5 Nfd7 22.Ne7+ Bxe7
23.Qxe7 Nc5 24.Rc2 Rd7 25.Qf6 Re8 26.Rcd2 Re6 27.Qf4 Bc6 28.Nd5 Bxd5 29.Rxd5 a5
30.h4 Rf6 31.Qd2 Ng4+ 32.Kg1 Rf2 33.Qd4 Rxb2 34.Qxb2 Ne3 35.Qd4 Nxd1 36.Qxd1 f6
37.Qd4 Kf7 38.Kh2 Rd8 39.Qe3 Kg7 40.a3 Qc7 41.b4 axb4 42.axb4 Nd7 43.Qd2 Ne5
44.c5 bxc5 45.bxc5 Nf7 46.cxd6 Rxd6 47.Qd4 Rxd5 48.Qxd5 Ne5 49.Qe6 Qa7 50.g4 Qc7
51.Kh3 Nd3 52.Qa2 Qf4 53.Qa7+ Kh6 54.g5+ fxg5 55.hxg5+ Qxg5 56.Kh2 Nf4 57.Bf1 Qh4+
58.Kg1 Qg3+ 59.Kh1 Nh3 60.Bg2 Nf2+ 61.Kg1 Nxe4 62.Qe7 Qe3+ 63.Kh2 Qg3+ 64.Kh1 Nf2+
65.Kg1 Nh3+ 66.Kh1 Nf4 67.Bb7  0-1